| 000 | 00823nam a2200253 a 4500 | ||
|---|---|---|---|
| 001 | BRCA_8344 | ||
| 005 | 20190320210236.0 | ||
| 008 | 140714s1911----gw-a###f##---#001-0#ger-# | ||
| 041 | _ager | ||
| 044 | _agw | ||
| 050 | 4 |
_aND811.S4 _b.M3 1911 |
|
| 100 | 1 |
_aMayer, August L. _920884 |
|
| 245 | 1 | 0 |
_aDie Sevillaner Malerschule _bbeiträge zu ihrer geschichte _cvon August L. Mayer |
| 260 |
_aLeipzig _bKlinkhardt & Biermann _c1911 |
||
| 300 |
_axii, 226 p. _bil., 70 láminas _c29 cm. |
||
| 500 | _aIncluye índice de obras, índice de ilustraciones e índice de artistas | ||
| 500 | _aR66 | ||
| 600 | 1 | 4 |
_aRuelas, Juan de _d1625m _920885 |
| 600 | 1 | 4 |
_aValdés Leal, Juan de _d1622-1690 _93720 |
| 650 | 1 | 4 |
_aArte sevillano _zEspaña _920886 |
| 651 | 4 |
_aSevilla _xHistoria del arte _920887 |
|
| 902 | _aGFM | ||
| 942 |
_2lcc _cB |
||
| 999 |
_c8012 _d8012 |
||